Biotechnology and fungal differentiation (Record no. 27956)

MARC details
000 -LEADER
fixed length control field 00525nam a2200193Ia 4500
082 ## - DEWEY DECIMAL CLASSIFICATION NUMBER
Classification number 582.28:573.6
Item number MEY;1
100 ## - MAIN ENTRY--AUTHOR NAME
Personal name BULOCK, J D
245 #0 - TITLE STATEMENT
Title Biotechnology and fungal differentiation
260 ## - PUBLICATION, DISTRIBUTION, ETC. (IMPRINT)
Place of publication London
Name of publisher Academic
Year of publication 1977
650 ## - SUBJECT ADDED ENTRY--TOPICAL TERM
Topical Term Basidiocarps
650 ## - SUBJECT ADDED ENTRY--TOPICAL TERM
Topical Term Fungal differentiation
650 ## - SUBJECT ADDED ENTRY--TOPICAL TERM
Topical Term Fungal sporulation
650 ## - SUBJECT ADDED ENTRY--TOPICAL TERM
Topical Term Industrial enzyme
650 ## - SUBJECT ADDED ENTRY--TOPICAL TERM
Topical Term Lignocellulose fermentation
650 ## - SUBJECT ADDED ENTRY--TOPICAL TERM
Topical Term Ribonuclease
700 ## - ADDED ENTRY--PERSONAL NAME
Personal name MEYRATH, J
942 ## - ADDED ENTRY ELEMENTS (KOHA)
Koha item type Books
Holdings
Withdrawn status Lost status Damaged status Not for loan Home library Current library Date acquired Full call number Accession Number Koha item type
        RRII Library RRII Library 16/12/2021 582.28:573.6 MEY;1 08571 Books